Mujeres vascas (Record no. 50393)
[ view plain ]
| 000 -LEADER | |
|---|---|
| campo de control de longitud fija | 00657nam a2200193 i 4500 |
| 001 - NÚMERO DE CONTROL | |
| campo de control | 50393 |
| 003 - IDENTIFICADOR DE NÚMERO DE CONTROL | |
| campo de control | ES-MaACL |
| 005 - FECHA Y HORA DE LA ÚLTIMA TRANSACCIÓN | |
| campo de control | 20230906162154.0 |
| 007 - CAMPO FIJO DE DESCRIPCIÓN FÍSICA--INFORMACIÓN GENERAL | |
| campo de control de longitud fija | t| |
| 008 - DATOS DE LONGITUD FIJA--INFORMACIÓN GENERAL | |
| campo de control de longitud fija | 030804s1963 sp ||||1| spa d |
| 100 1# - ENTRADA PRINCIPAL--NOMBRE DE PERSONA | |
| Nombre de persona | Cuadra Echaide, Pilar de. |
| 9 (RLIN) | 157527 |
| 245 10 - MENCIÓN DEL TÍTULO | |
| Título | Mujeres vascas |
| Resto del título | ; Las Oquendo ; Seis hábitos y una inquisición / |
| Mención de responsabilidad, etc. | Pilar de Cuadra. |
| 260 ## - PUBLICACIÓN, DISTRIBUCIÓN, ETC. | |
| Lugar de publicación, distribución, etc. | Pamplona : |
| Nombre del editor, distribuidor, etc. | Gómez, |
| Fecha de publicación, distribución, etc. | [1963] |
| 300 ## - DESCRIPCIÓN FÍSICA | |
| Extensión | 242 p., 6 lám. ; |
| Dimensiones | 22 cm. |
| 500 ## - NOTA GENERAL | |
| Nota general | A partir de la p. 160 la paginación es irregular. |
| 600 14 - PUNTO DE ACCESO ADICIONAL DE MATERIA--NOMBRE DE PERSONA | |
| Nombre de persona | Oquendo San Millan (Familia) |
| 9 (RLIN) | 157528 |
| 650 #4 - PUNTO DE ACCESO ADICIONAL DE MATERIA--TÉRMINO DE MATERIA | |
| Término de materia o nombre geográfico como elemento de entrada | Mujeres- |
| Subdivisión geográfica | País Vasco- |
| Subdivisión general | Biografías. |
| 9 (RLIN) | 157529 |
| 852 ## - LOCALIZACIÓN | |
| Ubicación | ES-MaACL |
| Número de control de estantería | C-24845 |
| Sublocalización o colección | R.53514 |
| Estatus retirado | Estado de pérdida | Estado de daño | No para préstamo | Biblioteca de origen | Biblioteca actual | Ubicación en estantería | Fecha de adquisición | Fuente de adquisición | Total de préstamos | Signatura topográfica completa | Código de barras | Visto por última vez | Precio de reemplazo | Tipo de ítem Koha |
|---|---|---|---|---|---|---|---|---|---|---|---|---|---|---|
| Biblioteca del Ateneo de Madrid | Biblioteca del Ateneo de Madrid | Depósito 2 | 17/01/2008 | C-24845 | 1053005 | 23/02/2023 | 23/02/2023 | Libro impreso |
